Bienvenue à la Médiathèque de Saint-Andiol
banniere
Accueil Recherche avancée Mon compte
handi1 Rechercher dans le catalogue

Filtre   Mots-clés
  Recherche avancée
 
Lister les dernières nouveautés
 
Lister les livres GROS CARACTERES
 
Lister les périodiques (magazines)

handi1 Contes de la pleine lune

Book Cover
Auteur principal : Clarke
Autres auteurs : François Gilson
Titre : Contes de la pleine lune
Support : Livres
Langue : Francais
Publié : 2025 Dupuis Paris
Series : Mélusine
Genre : Bande Dessinée (enfants)
Sujets :
Étiquettes :
Pas de tags
LEADER 01149nam0a2200217 450
001 16868345
010 |a 978-2-8085-1203-9  |b Br.  |d 12,95 € 
100 |a 20260529d2025 u u0frey01 ba 
101 0 |a fre 
102 |a FR 
200 0 |a Contes de la pleine lune  |f Clarke  |g François Gilson 
207 1 |a   
210 |a Paris  |b 57, bd de La Villette  |c Dupuis  |d 2025 
215 |a 1 vol. (47 p.)  |c Couv. ill  |d 30 x 22 cm 
330 |a Comment lutter contre le charme ensorceleur de Mélusine ? D’un battement de cils, elle peut vous transformer en crapaud vert, mais elle reste la plus jolie des apprenties sorcières. Pas un loup-garou, pas un vampire ne résistent à son sourire enjôleur. Hélas ! son coeur est déjà pris : elle attend son prince charmant qui un jour viendra (elle connaît la chanson). Et il ferait mieux de se presser s’il ne veut pas passer pour un conte de fée. 
461 0 |t Mélusine  |v 10 
700 0 |a Clarke  |f 1965-....  |4 70 
702 0 |a Gilson  |b François  |f 1965-....  |4 0 
900 |a Bande Dessinée (enfants) 
901 |a Jeunesse 
995 |a Médiathèque  |c Médiathèque  |f 089021903  |h 089021903  |k BD MEL 10  |o p  |q j  |r az  |e Médiathèque